Tillage
Contents: Tillage; Field efficiency; Traction, flotation and soil compaction; Toolbars...
Αποθηκεύτηκε σε:
| Κύριος συγγραφέας: | |
|---|---|
| Μορφή: | Βιβλίο |
| Γλώσσα: | Undetermined |
| Έκδοση: |
Moline Ill.
John Deere
1984
|
| Θέματα: | |
| Ετικέτες: |
Προσθήκη ετικέτας
Δεν υπάρχουν, Καταχωρήστε ετικέτα πρώτοι!
|
| Thư viện lưu trữ: | Trung tâm Học liệu Trường Đại học Cần Thơ |
|---|
| LEADER | 00612nam a2200205Ia 4500 | ||
|---|---|---|---|
| 001 | CTU_186532 | ||
| 008 | 210402s9999 xx 000 0 und d | ||
| 020 | |c 53.94 | ||
| 082 | |a 630 | ||
| 082 | |b B923 | ||
| 100 | |a Buckingham, Frank | ||
| 245 | 0 | |a Tillage | |
| 245 | 0 | |c Frank Buckingham | |
| 260 | |a Moline Ill. | ||
| 260 | |b John Deere | ||
| 260 | |c 1984 | ||
| 520 | |a Contents: Tillage; Field efficiency; Traction, flotation and soil compaction; Toolbars... | ||
| 650 | |a Agricultural machinery,Máy móc nông nghiệp | ||
| 904 | |i Giang | ||
| 980 | |a Trung tâm Học liệu Trường Đại học Cần Thơ | ||